| 000 -CABECERA |
| campo de control de longitud fija |
01432nam a2200301 a 4500 |
| 001 - NÚMERO DE CONTROL |
| campo de control |
000030517 |
| 005 - FECHA Y HORA DE LA ÚLTIMA TRANSACCIÓN |
| campo de control |
20200120222200.0 |
| 008 - DATOS DE LONGITUD FIJA--INFORMACIÓN GENERAL |
| campo de control de longitud fija |
070710s2007 espa gr0 000 d |
| 020 ## - NÚMERO INTERNACIONAL ESTÁNDAR DEL LIBRO |
| Número Internacional Estándar del Libro |
84-204-7183-9 |
| 020 ## - NÚMERO INTERNACIONAL ESTÁNDAR DEL LIBRO |
| Número Internacional Estándar del Libro |
9788420471839 |
| 090 ## - LOCALMENTE ASIGNADO TIPO-LC NÚMERO DE CLASIFICACIÓN (OCLC); NÚMERO DE CLASIFICACIÓN LOCAL (RLIN) |
| Número de clasificación (OCLC) (R) ; Numero de clasificación, CALL (RLIN) (NR) |
AN |
| Número cutter local (OCLC) ; Número de libro/Signatura topográfica íntegra, CALL (RLIN) |
GARci |
| 100 0# - ENTRADA PRINCIPAL--NOMBRE DE PERSONA |
| Nombre de persona |
García Márquez, Gabriel |
| 245 10 - MENCIÓN DE TÍTULO |
| Título |
Cien años de soledad / |
| Mención de responsabilidad, etc. |
Gabriel García Márquez ; texto revisado por el autor para esta edición. |
| 250 ## - MENCIÓN DE EDICIÓN |
| Mención de edición |
1a. ed. |
| 260 ## - PUBLICACIÓN, DISTRIBUCIÓN, ETC. |
| Lugar de publicación, distribución, etc. |
[Madrid] : |
| Nombre del editor, distribuidor, etc. |
Real Academia Española ; Asociación de Academias de la Lengua Española; Alfaguara, |
| Fecha de publicación, distribución, etc. |
2007. |
| 300 ## - DESCRIPCIÓN FÍSICA |
| Extensión |
cxxxviii, 609 p : il. ret. |
| 500 ## - NOTA GENERAL |
| Nota general |
Edición conmemorativa homenaje a Gabriel García Márquez al cumplir ochenta años y cuarenta años de la primera |
| 500 ## - NOTA GENERAL |
| Nota general |
edición (1967-2007) |
| 505 ## - NOTA DE CONTENIDO CON FORMATO |
| Nota de contenido con formato |
Lo que sé de Gabriel, Alvaro Mutis.- Para darle nombre a América, Carlos Fuentes.- Cien años de soledad, |
| 505 ## - NOTA DE CONTENIDO CON FORMATO |
| Nota de contenido con formato |
realidad total, novela total, Mario Vargas Llosa.- Gabriel García Márquez, en busca de la verdad poética, |
| 505 ## - NOTA DE CONTENIDO CON FORMATO |
| Nota de contenido con formato |
Víctor García.- Algunas literalidades de Cien años de soledad, Claudio Guillén.- García Márquez y Cien años de |
| 505 ## - NOTA DE CONTENIDO CON FORMATO |
| Nota de contenido con formato |
soledad en la novela hispanoamericana, Pedro Luis Barcia ... [et al.] |
| 600 ## - PUNTO DE ACCESO ADICIONAL DE MATERIA--NOMBRE DE PERSONA |
| Nombre de persona |
GARCIA MARQUEZ, GABRIEL |
| 650 14 - PUNTO DE ACCESO ADICIONAL DE MATERIA--TÉRMINO DE MATERIA |
| Término de materia o nombre geográfico como elemento de entrada |
LITERATURA COLOMBIANA |
| 650 14 - PUNTO DE ACCESO ADICIONAL DE MATERIA--TÉRMINO DE MATERIA |
| Término de materia o nombre geográfico como elemento de entrada |
NOVELA COLOMBIANA |
| 650 14 - PUNTO DE ACCESO ADICIONAL DE MATERIA--TÉRMINO DE MATERIA |
| Término de materia o nombre geográfico como elemento de entrada |
CRITICA E INTERPRETACION |
| 901 ## - ELEMENTOS DE DATOS A LOCAL LDA (RLIN) |
| a |
Compra, Santillana, 2007, $14.740.00 |